000 00632nam a22002417a 4500
003 UA-OsUOA
001 65971
007 ta
008 20091215b un ||||| |||| 00| 0 ukr d
100 _aНещерет Т. І.
090 _a821.161.2
_bН59
942 _cBK
040 _aUA-OsUOA
_bukr
_cUA-OsUOA
_dUA-OsUOA
245 _aПовернення
_bПоезія. Проза
300 _a297 с.
955 _a2
041 _aukr
080 _a821.161.2
020 _a966-7748-29-4
260 _aЗапоріжжя
_c2001
650 7 _a82 Література. Літературознавство
_2UDC
999 _c351646
_d351646